Implementation of BI Tools in Enterprises

Základné komponenty a nástroje Business Intelligence. Data Warehouse (Dátový sklad). Business Analytics. Business Performance Management.

Salvato in:
Dettagli Bibliografici
Autore principale: Ferencz, Vojtech
Altri autori: Čarnický, Štefan, Dugas, Jaroslav, 1967-, Zahumenský, Peter
Natura: Capitolo di libro
Lingua:inglese
Soggetti:
Tags: Aggiungi Tag
Nessun Tag, puoi essere il primo ad aggiungerne!!

MARC

LEADER 00000naa$a2200000$$$4500
001 0261257
005 20240502074140.8
041 0 |a eng 
044 |a SK 
245 1 0 |a Implementation of BI Tools in Enterprises  |c Vojtech Ferencz, Štefan Čarnický, Jaroslav Dugas, Peter Zahumenský 
520 |a Základné komponenty a nástroje Business Intelligence. Data Warehouse (Dátový sklad). Business Analytics. Business Performance Management. 
610 2 0 |a technológie informačné 
610 2 0 |a financie 
610 2 0 |a podnik 
610 2 0 |a dáta 
100 1 |a Ferencz, Vojtech 
700 1 |a Čarnický, Štefan 
700 1 |a Dugas, Jaroslav, 1967- 
700 1 |a Zahumenský, Peter